El ideal de un calavera

Uloženo v:
Podrobná bibliografie
Hlavní autor: Blest Gana, Alberto (Autor)
Médium: Kniha
Jazyk:španělština
Vydáno: Santiago Zig-Zag 1946
Vydání:4a. ed
Edice:Biblioteca de Novelistas
Témata:
Tagy: Přidat tag
Žádné tagy, Buďte první, kdo vytvoří štítek k tomuto záznamu!

MARC

LEADER 00000nam a2200000 a 4500
001 UCQ2247
003 CL-VaPUC
008 980724e19460000CL |||||||||||||||||spa|d
082 0 4 |a Ch863  |b BLE  |2 21 
100 |a Blest Gana, Alberto  |e author  |9 344235 
245 1 3 |a El ideal de un calavera 
250 |a 4a. ed 
300 |a 473 p 
942 |c BK 
945 |d 19980724 00:00:00  |a lriquelm 
260 |a Santiago  |b Zig-Zag  |c 1946 
650 0 |a Literatura chilena   |9 308278 
650 0 |a Novelas chilenas   |9 265425 
583 |a last modification  |c 19980724 00:00:00  |k Rodrigo Vera 
490 0 |a Biblioteca de Novelistas 
999 |c 273084  |d 273082 
952 |0 0  |1 0  |4 0  |6 CH_863_000000000000000_BLE_1946  |7 0  |8 A  |9 308369  |a BIBEDU  |b BIBEDU  |d 2019-11-20  |i 144395K  |o Ch863 BLE 1946  |p 144395K  |r 2019-11-20  |w 2019-11-20  |y BK  |k LIT